004220000a22001330004500020001800000041000800018082002100026100003900047245010500086260002000191300001200211500005900223001000600282 a84-7530-328-50 aSPA04aG 839.736 H4655s1 aHeidenstam, Verner Von (1859-1940)10aSan Jorge y el dragón. Endimión / Verner Von Heidenstam ; Ovidio Fernández Graña, Traductor aMadrid : Orbis a238 Pag aTítulo original : Sankt Göran och draken. Endymion13244